| 000 | 005870000a22002050004500 | ||
|---|---|---|---|
| 003 | LK-CoMWRAF | ||
| 005 | 20231027122252.0 | ||
| 008 | 230817t1995 ||||| |||| 00| 0 eng d | ||
| 020 | _a0446672394 | ||
| 040 |
_aLK-CoMWRAF _dLK-CoMWRAF _eLK-CoMWRAF |
||
| 041 | _aeng | ||
| 082 |
_a305.42 _bDEN |
||
| 100 | _aDenfeld, Rene | ||
| 245 |
_aThe new Victorians: _ba young woman's challenge to the old feminist order |
||
| 260 |
_aNew York: _bWarner Books, _c1995 |
||
| 300 |
_a339 p. ; 23 cm. _bIndex included |
||
| 650 | _aFEMINIST TEORY | ||
| 650 | _aFeminism-United States | ||
| 942 | _cBK | ||
| 999 |
_c1599 _d1599 |
||